| 000 | 00556nam a2200181Ia 4500 | ||
|---|---|---|---|
| 008 | 151202s9999||||xx |||||||||||||| ||und|| | ||
| 082 | _bPNVM-46019 | ||
| 100 | _aखोरे अरूण. | ||
| 245 | _aपोरके दिवस. | ||
| 260 | _b"सुविद्या प्रकाशन,सोलापूर." | ||
| 260 | _c2004 | ||
| 300 | _a184 | ||
| 600 | _aखोरे अरूण. | ||
| 630 | _aपोरके दिवस. | ||
| 700 | _aखोरे अरूण. | ||
| 730 | _aपोरके दिवस. | ||
| 942 | _cBOOK | ||
| 999 |
_c1311969 _d1311966 |
||